Zúčtovacie vzťahy z obchodného styku - potrebujeme ešte účty 315 a 325?
Analýza prípadného zrušenia syntetických účtov 315 a 325. Možný vplyv uvedeného zrušenia na informačné potreby používateľov informácií z účtovnej závierky.
Salvato in:
| Autore principale: | |
|---|---|
| Natura: | Capitolo di libro |
| Lingua: | slovacco |
| Soggetti: | |
| Tags: |
Nessun Tag, puoi essere il primo ad aggiungerne!!
|
MARC
| LEADER | 00000naa a2200000 4500 | ||
|---|---|---|---|
| 001 | 0241667 | ||
| 005 | 20240502073933.3 | ||
| 041 | 0 | |a slo | |
| 044 | |a SK | ||
| 245 | 1 | 0 | |a Zúčtovacie vzťahy z obchodného styku - potrebujeme ešte účty 315 a 325? |c Branislav Parajka |
| 520 | |a Analýza prípadného zrušenia syntetických účtov 315 a 325. Možný vplyv uvedeného zrušenia na informačné potreby používateľov informácií z účtovnej závierky. | ||
| 610 | 2 | 0 | |a závierka účtovná |
| 610 | 2 | 0 | |a vzťahy zúčtovacie |
| 610 | 2 | 0 | |a vzťahy obchodné |
| 610 | 2 | 0 | |a účty syntetické |
| 610 | 2 | 0 | |a výkazy účtovné |
| 100 | 1 | |a Parajka, Branislav, 1981- | |